| Tag |
First Indicator |
Second Indicator |
Subfields |
| LEADER |
00000cam a2200000Ii 4500 |
| 001 |
in00004439621 |
| 008 |
210402t20212021mx a b 000 0 eng d |
| 005 |
20250308175609.7 |
| 020 |
|
|
|a 9786078066599
|
| 020 |
|
|
|a 6078066595
|q paperback
|
| 035 |
|
|
|a (OCoLC)on1244573431
|
| 035 |
|
|
|a (OCoLC)1244573431
|
| 040 |
|
|
|a YDX
|e rda
|c YDX
|d COO
|d BDX
|d TXA
|
| 043 |
|
|
|a a-cc---
|
| 050 |
|
4 |
|a HD3616.C63
|b N38 2021
|
| 082 |
0 |
|
|a 338.951
|2 23
|
| 100 |
1 |
|
|a Naughton, Barry,
|e author.
|
| 245 |
1 |
4 |
|a The rise of China's industrial policy, 1978 to 2020 /
|c Barry Naughton.
|
| 250 |
|
|
|a Primera edición.
|
| 264 |
|
1 |
|a México :
|b Universidad Nacional Autónomica de México, Facultad de Economía,
|c [2021].
|
| 264 |
|
4 |
|c ©2021.
|
| 300 |
|
|
|a 148 pages :
|b illustrations ;
|c 22 cm.
|
| 336 |
|
|
|a text
|b txt
|2 rdacontent
|
| 337 |
|
|
|a unmediated
|b n
|2 rdamedia
|
| 338 |
|
|
|a volume
|b nc
|2 rdacarrier
|
| 504 |
|
|
|a Includes bibliographical references.
|
| 650 |
|
0 |
|a Industrial policy
|z China.
|
| 650 |
|
0 |
|a Industrial promotion
|z China.
|
| 651 |
|
0 |
|a China
|x Economic policy.
|
| 955 |
|
|
|a Print purchased PDA title
|
| 961 |
|
|
|m 565799
|
| 999 |
f |
f |
|s 98e53f2d-5909-3d74-aa33-afe1c2fc9c4c
|i cab28e29-9d2e-3c0d-be5d-9d8a73da4ce8
|t 0
|
| 952 |
f |
f |
|p normal
|a Texas A&M University
|b College Station
|c Sterling C. Evans Library
|d Evans: Library Stacks
|t 0
|e HD3616.C63 N38 2021
|h Library of Congress classification
|i unmediated -- volume
|m A14851858747
|
| 998 |
f |
f |
|a HD3616.C63 N38 2021
|t 0
|l Evans: Library Stacks
|